00250nam a22001097a 4500020001800000040000900018082001700027100001500044245002100059260004000080650002000120 a0000000583749 cNUST a891.4393 ASL aAslam Rahi aMout Kay Musafir aLAHORE:bAmmar Publications,c2019. aUrdu Adab-Novel